[Event "GER-ch U12"]
[Site "Willingen"]
[Date "2022.06.05"]
[Round "1"]
[White "Buchinger, Alexis"]
[Black "Radeke, Timothy"]
[Result "1-0"]
[WhiteElo "1676"]
[BlackElo "1129"]
[PlyCount "57"]
[EventDate "2022.06.04"]
[EventType "swiss"]
[EventRounds "9"]
[EventCountry "GER"]
[SourceTitle "CBM 208 Extra"]
[Source "ChessBase"]
[SourceDate "2022.07.31"]
[SourceVersion "1"]
[SourceVersionDate "2022.07.31"]
[SourceQuality "1"]

1. e4 e5 2. Nf3 Nc6 3. Bc4 Bc5 4. d3 d6 5. c3 Nf6 6. a4 a5 7. 0-0 0-0 8. Re1 Be6 9. Nbd2 Ng4 10. Re2 Qf6 11. h3 Nh6 12. Bxe6 fxe6 13. Nf1 Qg6 14. Kh1 d5 15. Be3 dxe4 16. Nh4 Qh5 17. Bxc5 Qxh4 18. Bxf8 Rxf8 19. dxe4 Ng4 20. Kg1 Nf6 21. Ng3 Ne7 22. Qb3 Ng6 23. Qxe6+ Kh8 24. Nf5 Qg5 25. h4 Qh5 26. Re3 Nf4 27. Qxe5 Qg4 28. Ng3 Re8 29. Qg5 1-0

[Event "Reinstorf Blitz op"]
[Site "Reinstorf"]
[Date "2022.02.04"]
[Round "6"]
[White "Buchinger, Alexis"]
[Black "Schell, Franz Juergen"]
[Result "1-0"]
[WhiteElo "1509"]
[BlackElo "1969"]
[PlyCount "83"]
[EventDate "2022.01.29"]
[EventType "swiss (blitz)"]
[EventRounds "9"]
[EventCountry "GER"]
[SourceTitle "CBM 206 Extra"]
[Source "ChessBase"]
[SourceDate "2022.03.31"]
[SourceVersion "1"]
[SourceVersionDate "2022.03.31"]
[SourceQuality "1"]

1. e4 e5 2. Nf3 d6 3. d4 Nd7 4. dxe5 dxe5 5. Nc3 Ngf6 6. Bc4 Be7 7. 0-0 0-0 8. Nd5 Nxd5 9. Bxd5 c6 10. Bb3 Qc7 11. c3 Nc5 12. Bc2 Bg4 13. h3 Bh5 14. Be3 Rad8 15. Qe2 Bg6 16. Bxc5 Bxc5 17. Rad1 a5 18. Nh4 Qb6 19. Nxg6 hxg6 20. Bb3 Qc7 21. Qg4 b5 22. a3 Rd6 23. Rxd6 Qxd6 24. Rd1 Qf6 25. Qg3 a4 26. Ba2 g5 27. Qf3 Qxf3 28. gxf3 Re8 29. Rd7 Re7 30. Rd8+ Kh7 31. Rc8 Rd7 32. Rxc6 Ba7 33. Bd5 f6 34. Kg2 Kh6 35. Kg3 Kh5 36. Rc8 Kg6 37. Be6 Re7 38. Bd5 Rd7 39. Rf8 Bc5 40. Be6 Bxf8 41. Bxd7 b4 42. cxb4 1-0